000 00587nam a2200193 i 4500
001 124634
003 ES-MaACL
007 t|
008 070413s1931 sp ||||1| spa d
100 1 _aSombart, Werner.
_9107262
245 1 3 _aLa industria /
_cWerner Sombart ; traducción del alemán por Manuel Sánchez Sarto.
260 _aBarcelona,
_c[1931]
300 _a238 p., XVI p. lám. ;
_c17 cm.
490 1 _aColección Labor ;
_v292
700 1 _aSánchez Sarto, Manuel.
_9102931
830 0 0 _aColección Labor
_v292
_9184254
852 _aES-MaACL
_jE-2786
999 _c124634
_d124634